| 000 | 00480nam a22001817a 4500 | ||
|---|---|---|---|
| 005 | 20230403161244.0 | ||
| 008 | 230403b |||||||| |||| 00| 0 eng d | ||
| 020 | _a978-0-3673-4079-7 | ||
| 041 | _aeng | ||
| 082 | _a615.7 NOT-B | ||
| 100 |
_aNOTARI, ROBERT E. _97748 |
||
| 245 | _aBIOPHARMACEUTICS AND CLINICAL PHARMACOKINETICS AN INTRODUCTION | ||
| 250 | _a4th ed. | ||
| 260 |
_bCRC PRESS _c2019 |
||
| 300 | _a416;P. | ||
| 650 |
_aPHARMACY _xB.PHARMA _97749 |
||
| 942 | _cBK | ||
| 999 |
_c8285 _d8283 |
||